| 000 | 003460000a22001570004500 | ||
|---|---|---|---|
| 001 | 003029 | ||
| 003 | MACL | ||
| 040 | _aMACL | ||
| 090 |
_c15022 _d15021 |
||
| 100 | _aSanyal, J.M. | ||
| 245 |
_aThe Srimad Bhagvatam _cJ.M. Sanyal |
||
| 260 |
_aMunshiram Manoharlal Publishers, _c2000 |
||
| 350 | _a950 | ||
| 650 | _aReligion | ||
| 942 |
_k295 _cBook |
||
| 999 |
_c14935 _d14935 |
||